000 00481nam a2200181Ia 4500
008 230524s9999 xx 000 0 und d
020 _a9781439877913
082 _a532.051
_bOOS
100 _aPatrick H.Oosthuizen
_945104
245 0 _aIntroduction to Compressible Fluid Flow
250 _a1
260 _aNew York
_bCRC Press
_c2015
300 _a"xxi,558p;"
500 _aQuantity Number: 1
650 _aMechanical
700 _aWilliam E.Carscallen
_945105
942 _cBK
999 _c60670
_d60670